La Iglesia y el Estado / (Registro nro. 31235)

Detalles MARC
000 -LEADER
campo de control de longitud fija 00682nam a2200193 i 4500
001 - NÚMERO DE CONTROL
campo de control 31235
003 - IDENTIFICADOR DE NÚMERO DE CONTROL
campo de control ES-MaACL
005 - FECHA Y HORA DE LA ÚLTIMA TRANSACCIÓN
campo de control 20250901062524.0
007 - CAMPO FIJO DE DESCRIPCIÓN FÍSICA--INFORMACIÓN GENERAL
campo de control de longitud fija t|
008 - DATOS DE LONGITUD FIJA--INFORMACIÓN GENERAL
campo de control de longitud fija 030128s1959 an ||||1| spa d
100 1# - ENTRADA PRINCIPAL--NOMBRE DE PERSONA
Nombre de persona Beau de Lomenie, E.
9 (RLIN) 26802
245 13 - MENCIÓN DEL TÍTULO
Título La Iglesia y el Estado /
Mención de responsabilidad, etc. E. Beau de Lomenie ; versión española de Tomás Lamarca.
260 ## - PUBLICACIÓN, DISTRIBUCIÓN, ETC.
Lugar de publicación, distribución, etc. Andorra :
Nombre del editor, distribuidor, etc. Casal i Vall,
Fecha de publicación, distribución, etc. 1959.
490 1# - MENCIÓN DE SERIE
Mención de serie Yo sé, yo creo : enciclopedia del católico en el siglo XX ;
Designación de volumen o secuencia 88
700 1# - ENTRADA AGREGADA--NOMBRE PERSONAL
Nombre de persona Lamarca, Tomás.
9 (RLIN) 69766
830 00 - PUNTO DE ACCESO ADICIONAL DE SERIE-TÍTULO UNIFORME
Título uniforme Yo sé, yo creo: enciclopedia del católico del siglo XX
Designación de volumen o secuencia 88
9 (RLIN) 186579
852 ## - LOCALIZACIÓN
Ubicación ES-MaACL
Número de control de estantería C-16239
Sublocalización o colección R.44196
Existencias
Estatus retirado Estado de pérdida Estado de daño No para préstamo Biblioteca de origen Biblioteca actual Ubicación en estantería Fecha de adquisición Fuente de adquisición Total de préstamos Signatura topográfica completa Código de barras Visto por última vez Precio de reemplazo Tipo de ítem Koha
        Biblioteca del Ateneo de Madrid Biblioteca del Ateneo de Madrid Ficheros 17/01/2008     C-16239 1032269 23/02/2023 23/02/2023 Libro impreso